México en 1827 /

Shranjeno v:
Bibliografske podrobnosti
Glavni avtor: Ward, Henry George (autor)
Drugi avtorji: Haas, Ricardo (traducción) (traducción)
Format: Knjiga
Jezik:španščina
Izdano: México : Fondo de Cultura Económica, 1981, c1981
Oznake: Označite
Brez oznak, prvi označite!

MARC

LEADER 00000nam^a2200000^a^4500
001 000624661
005 20260220000000.0
009 20260310134001.187
020 |a 968-16-0645-0 
037 |a Acervo ITESO - Biblioteca 
041 |a ESP 
091 |a FOB. 02896 
100 |a Ward, Henry George  |e (autor) 
245 1 0 |a México en 1827 / 
264 4 |a México :  |b Fondo de Cultura Económica,  |c 1981, c1981 
300 |a 788 p. 
336 |a texto  |b txt  |2 rdacontenido 
337 |a sin mediación  |b n  |2 rdamedio 
338 |a volumen  |b nc  |2 rdasoporte 
649 |a XX 
700 |a Haas, Ricardo  |e (traducción) 
910 |a Fondo Carlos de Obeso Orendain 
920 |a Impresos - Libros 
930 |a Fondos Especiales 
905 |a 147 
901 |a 624661-10  |b IT2  |c ESP  |i D  |u 20251119 
902 |a https://opac.biblio.iteso.mx/vufind/Record/000624661